Movies Quiz

Random Movies or Actor Quiz

Three Movies, Two Actors Quiz Stats

 Plays Quiz Updated Jul 5, 2018

Score 0/16 Timer 02:00
30 Plays Today
% Correct
Ben Stiller
96.6%
Al Pacino
95.1%
Robert De Niro
93.4%
John Belushi
91.4%
Adam Sandler
91.2%
Dan Aykroyd
91.2%
Owen Wilson
88.4%
Woody Harrelson
88.1%
% Correct
Wesley Snipes
87.6%
Kevin James
87.5%
Jack Lemmon
85.7%
Gene Wilder
84.6%
Walter Matthau
84.1%
Rick Moranis
83.6%
Richard Pryor
83.1%
Steve Martin
81.3%

You're not logged in!

Compare scores with friends on all Sporcle quizzes.
OR
Log In

Show Comments

Extras

Top Quizzes Today


Score Distribution

Your Account Isn't Verified!

In order to create a playlist on Sporcle, you need to verify the email address you used during registration. Go to your Sporcle Settings to finish the process.

Report this User

Report this user for behavior that violates our Community Guidelines.

Details: